[Event "Sherbrooke-opC"]
[Site "Sherbrooke"]
[Date "2005.05.29"]
[Round "4"]
[White "Viens, Nicolas"]
[Black "Olivier, Luc"]
[Result "1/2-1/2"]
[WhiteElo "1348"]
[BlackElo "1234"]
[PlyCount "54"]
[EventDate "2005.05.??"]
[EventType "swiss"]
[EventRounds "5"]
[EventCountry "CAN"]
[SourceTitle "CBM 106 Extra"]
[Source "ChessBase"]
[SourceDate "2005.07.01"]
[SourceVersion "1"]
[SourceVersionDate "2005.07.01"]
[SourceQuality "1"]

1. e4 e5 2. Nf3 Nc6 3. Nc3 Nf6 4. Bb5 d6 5. d3 a6 6. Ba4 b5 7. Bb3 Na5 8. 0-0 Nxb3 9. axb3 c5 10. Nxb5 Bg4 11. Nc3 Be7 12. Bg5 0-0 13. Bxf6 Bxf6 14. h3 Be6 15. Nh2 g6 16. Qf3 Bg7 17. Nd5 Bxd5 18. exd5 f5 19. c3 a5 20. Ra4 Qb6 21. Ra3 a4 22. Rfa1 Rab8 23. bxa4 Qxb2 24. c4 Qb4 25. R1a2 Qb1+ 26. Nf1 Rb2 27. Ra1 Qc2 1/2-1/2

[Event "Sherbrooke-opB"]
[Site "Sherbrooke"]
[Date "2005.05.28"]
[Round "3"]
[White "Salvas, Guy"]
[Black "Viens, Nicolas"]
[Result "1-0"]
[WhiteElo "1429"]
[BlackElo "1348"]
[PlyCount "77"]
[EventDate "2005.05.27"]
[EventType "swiss"]
[EventRounds "5"]
[EventCountry "CAN"]
[SourceTitle "CBM 106 Extra"]
[Source "ChessBase"]
[SourceDate "2005.07.01"]
[SourceVersion "1"]
[SourceVersionDate "2005.07.01"]
[SourceQuality "1"]

1. e4 e5 2. Nf3 d6 3. h3 Nf6 4. Nc3 Nc6 5. d3 Be7 6. Be3 0-0 7. Be2 d5 8. exd5 Nxd5 9. Bd2 Be6 10. 0-0 Re8 11. Re1 Nxc3 12. Bxc3 Bd6 13. Bf1 f6 14. d4 exd4 15. Nxd4 Nxd4 16. Qxd4 c5 17. Qd2 Qc7 18. a4 Rad8 19. Qc1 Bf4 20. Qb1 Bh2+ 21. Kh1 Bf4 22. Rd1 a6 23. Rxd8 Rxd8 24. Qe1 Qc6 25. Kg1 Qd5 26. b3 Re8 27. Bc4 Qc6 28. Qe2 Kf8 29. Bxe6 Rxe6 30. Qd3 Qe8 31. Qxh7 Re2 32. Qh8+ Kf7 33. Qh5+ g6 34. Qd5+ Kg7 35. Qxc5 Kh6 36. Bb4 Kg7 37. Rd1 g5 38. Qf5 Rxc2 39. Qxc2 1-0

[Event "Sherbrooke-opC"]
[Site "Sherbrooke"]
[Date "2005.05.27"]
[Round "1"]
[White "Viens, Nicolas"]
[Black "Roy, Samuel"]
[Result "0-1"]
[WhiteElo "1348"]
[BlackElo "1485"]
[PlyCount "102"]
[EventDate "2005.05.??"]
[EventType "swiss"]
[EventRounds "5"]
[EventCountry "CAN"]
[SourceTitle "CBM 106 Extra"]
[Source "ChessBase"]
[SourceDate "2005.07.01"]
[SourceVersion "1"]
[SourceVersionDate "2005.07.01"]
[SourceQuality "1"]

1. c4 Nf6 2. Nc3 c6 3. Nf3 d5 4. e3 e6 5. d4 Nbd7 6. Bd3 dxc4 7. Bxc4 b5 8. Bb3 b4 9. Ne2 Bd6 10. 0-0 0-0 11. Qc2 Bb7 12. e4 Be7 13. Rd1 Rc8 14. e5 Nd5 15. Bxd5 cxd5 16. Qd3 Qc7 17. Ng5 Qc2 18. Be3 Qxd3 19. Rxd3 Rc2 20. Rd2 Rfc8 21. Rb1 Rxd2 22. Bxd2 Rc2 23. Nf3 Ba6 24. Ng3 Nb6 25. h3 Bd3 26. Rc1 Rxc1+ 27. Bxc1 Bb1 28. a3 bxa3 29. bxa3 Nc4 30. Ne2 Nxa3 31. Bxa3 Bxa3 32. Nc3 Bd3 33. Ne1 Bb4 34. Nxd3 Bxc3 35. f4 Bxd4+ 36. Kf1 f6 37. Ke2 Kf7 38. exf6 Kxf6 39. g4 e5 40. fxe5+ Bxe5 41. Kf3 a5 42. h4 a4 43. Nb4 Ke6 44. h5 a3 45. Ke3 Bd6 46. Na2 Ke5 47. Kf3 Kd4 48. Ke2 Bf4 49. Nb4 Kc4 50. Nc2 a2 51. Kd1 Be5 0-1

[Event "Sherbrooke CC-ch"]
[Site "Sherbrooke"]
[Date "2005.04.29"]
[Round "3"]
[White "Belzil, Julien"]
[Black "Viens, Nicolas"]
[Result "0-1"]
[WhiteElo "1312"]
[BlackElo "1348"]
[PlyCount "36"]
[EventDate "2005.04.15"]
[EventType "swiss"]
[EventRounds "5"]
[EventCountry "CAN"]
[SourceTitle "EXT 2006"]
[Source "ChessBase"]
[SourceDate "2005.11.24"]
[SourceVersion "1"]
[SourceVersionDate "2005.11.24"]
[SourceQuality "1"]

1. b3 e5 2. Nc3 Nf6 3. e4 Nc6 4. Bb2 Bc5 5. h3 d6 6. Nf3 Be6 7. Bb5 a6 8. Bxc6+ bxc6 9. Na4 Ba7 10. Qe2 0-0 11. 0-0 Qd7 12. Ng5 h6 13. Nxe6 fxe6 14. Kh1 Kh7 15. d3 Qe8 16. Bc1 Nh5 17. g3 Bxf2 18. Rxf2 Nxg3+ 0-1

[Event "Sherbrooke Perpetuelles 13-26b"]
[Site "Sherbrooke"]
[Date "2005.03.04"]
[Round "1"]
[White "Grenier, Jean Pierre"]
[Black "Viens, Nicolas"]
[Result "0-1"]
[WhiteElo "1563"]
[BlackElo "1336"]
[PlyCount "142"]
[EventDate "2005.03.??"]
[EventType "swiss"]
[EventRounds "5"]
[EventCountry "CAN"]
[SourceTitle "EXT 2006"]
[Source "ChessBase"]
[SourceDate "2005.11.24"]
[SourceVersion "1"]
[SourceVersionDate "2005.11.24"]
[SourceQuality "1"]

1. c4 c5 2. Nc3 Nc6 3. g3 Nf6 4. Bg2 e6 5. e3 d5 6. Nge2 Be7 7. 0-0 0-0 8. b3 Ne5 9. d3 a6 10. d4 cxd4 11. exd4 Ng6 12. c5 Qc7 13. b4 b5 14. a4 Bd7 15. a5 Bc6 16. Be3 Rad8 17. f4 Ng4 18. Bc1 f6 19. h3 Nh6 20. Qd3 e5 21. Nd1 e4 22. Qb3 Qc8 23. g4 Nf7 24. Qg3 Ngh8 25. h4 Bd7 26. Ne3 Bc6 27. Bh3 Qb8 28. Nf5 Rfe8 29. g5 fxg5 30. Nxe7+ Rxe7 31. hxg5 g6 32. Kg2 Rf8 33. Rh1 Nd8 34. Be3 Bd7 35. Nc3 Bc6 36. Rh2 Rff7 37. Rah1 Qc7 38. Bg4 Ne6 39. Ne2 Kf8 40. Rf1 Ke8 41. Ng1 Nxg5 42. f5 Qxg3+ 43. Kxg3 Nf3 44. fxg6 Nxg6 45. Rhf2 Nxg1 46. Rxf7 Rxf7 47. Rxg1 Rg7 48. Bh6 Rf7 49. Rh1 Bd7 50. Be2 Ne7 51. Bh5 Ng6 52. Bf4 Rxf4 53. Bxg6+ hxg6 54. Kxf4 Kf7 55. Kg5 Bf5 56. Rh7+ Kg8 57. Ra7 Kf8 58. Kf6 Kg8 59. Rxa6 e3 60. Ra7 e2 61. Re7 Be4 62. a6 e1Q 63. a7 Qf2+ 64. Ke6 Qf5+ 65. Kd6 Qf6+ 66. Kd7 Bf5+ 67. Kd8 Qa6 68. Rc7 Kf8 69. c6 g5 70. Rb7 Qxc6 71. a8Q Qd6+ 0-1

[Event "Sherbrooke Perpetuelles 7-12"]
[Site "Sherbrooke"]
[Date "2004.12.17"]
[Round "6"]
[White "Poirier, Vincent"]
[Black "Viens, Nicolas"]
[Result "1-0"]
[WhiteElo "1197"]
[BlackElo "1339"]
[PlyCount "119"]
[EventDate "2004.??.??"]
[EventType "swiss"]
[EventRounds "6"]
[EventCountry "CAN"]
[SourceTitle "EXT 2006"]
[Source "ChessBase"]
[SourceDate "2005.11.24"]
[SourceVersion "1"]
[SourceVersionDate "2005.11.24"]
[SourceQuality "1"]

1. e4 e5 2. Nf3 d6 3. d4 exd4 4. Nxd4 Nf6 5. Nc3 c6 6. Bc4 Be7 7. 0-0 d5 8. exd5 cxd5 9. Bb5+ Bd7 10. Bxd7+ Nbxd7 11. Nf5 0-0 12. Nxe7+ Qxe7 13. Nxd5 Qc5 14. Nxf6+ Nxf6 15. Be3 Qc7 16. h3 Rfd8 17. Qe2 Re8 18. Rad1 Qe5 19. c4 Re7 20. Qc2 a6 21. Rfe1 Rae8 22. Bd4 Qc7 23. Rxe7 Qxe7 24. Qc3 Rd8 25. Re1 Qd6 26. Bxf6 gxf6 27. Qg3+ Qxg3 28. fxg3 Rd2 29. b3 Kf8 30. a3 Rb2 31. Re3 a5 32. g4 Kg7 33. Kh2 Kg6 34. Kg3 h5 35. gxh5+ Kxh5 36. Rd3 f5 37. Kf3 f6 38. g3 Kg6 39. h4 Kh5 40. Kf4 Kg6 41. Ke3 Kh5 42. Kd4 Kg4 43. Kc5 Rg2 44. b4 axb4 45. axb4 f4 46. gxf4 Kxf4 47. Rd7 f5 48. Rxb7 Rh2 49. b5 Rxh4 50. b6 Ke5 51. Re7+ Kf6 52. b7 Rh8 53. Rc7 Rb8 54. Kb6 f4 55. Rc8 Rxb7+ 56. Kxb7 Ke5 57. c5 f3 58. Rf8 Ke4 59. c6 f2 60. Rxf2 1-0

[Event "Sherbrooke Perpetuelles 7-12"]
[Site "Sherbrooke"]
[Date "2004.12.03"]
[Round "4"]
[White "Viens, Nicolas"]
[Black "Galindo, Gabriel"]
[Result "0-1"]
[WhiteElo "1339"]
[BlackElo "1045"]
[PlyCount "65"]
[EventDate "2004.??.??"]
[EventType "swiss"]
[EventRounds "6"]
[EventCountry "CAN"]
[SourceTitle "EXT 2006"]
[Source "ChessBase"]
[SourceDate "2005.11.24"]
[SourceVersion "1"]
[SourceVersionDate "2005.11.24"]
[SourceQuality "1"]

1. d4 d5 2. Nf3 Nf6 3. Nc3 a6 4. g3 Bf5 5. Bg2 Be4 6. 0-0 h6 7. Nxe4 dxe4 8. Ne5 c6 9. f3 exf3 10. Bxf3 e6 11. e3 h5 12. e4 Nbd7 13. Bg5 Be7 14. Nxd7 Nxd7 15. Bxe7 Qxe7 16. Bxh5 0-0-0 17. Qe2 Nf6 18. Bf3 Rxd4 19. Qe3 e5 20. c3 Rd7 21. Qa7 Kc7 22. Be2 Rd2 23. Bxa6 Rhxh2 24. Qxb7+ Kd6 25. Rad1 Rhg2+ 26. Kh1 Qxb7 27. Bxb7 Nxe4 28. Rxd2+ Rxd2 29. Rxf7 Rxb2 30. Rxg7 Rxa2 31. Rg6+ Kc7 32. Bxc6 Nxc3 33. Rg4 0-1

[Event "Sherbrooke Perpetuelles 1-6"]
[Site "Sherbrooke"]
[Date "2004.10.22"]
[Round "6"]
[White "Viens, Nicolas"]
[Black "Jolin, Fernand"]
[Result "1-0"]
[WhiteElo "1340"]
[BlackElo "1441"]
[PlyCount "120"]
[EventDate "2004.??.??"]
[EventType "swiss"]
[EventRounds "6"]
[EventCountry "CAN"]
[SourceTitle "EXT 2006"]
[Source "ChessBase"]
[SourceDate "2005.11.24"]
[SourceVersion "1"]
[SourceVersionDate "2005.11.24"]
[SourceQuality "1"]

1. c4 Nf6 2. Nc3 g6 3. d4 Bg7 4. e3 0-0 5. Nf3 d5 6. Be2 dxc4 7. Bxc4 e6 8. 0-0 c6 9. Qb3 b5 10. Be2 Nd5 11. Bd2 Nxc3 12. Bxc3 a5 13. a3 a4 14. Qc2 Nd7 15. Rad1 Nf6 16. Bb4 Re8 17. Ne5 Bd7 18. Nxc6 Bxc6 19. Qxc6 Rc8 20. Qxb5 Rc2 21. Bd3 Rxb2 22. Qxa4 Qd5 23. Rb1 Ra8 24. Qd1 Rxb1 25. Qxb1 Rb8 26. Qc2 Qd7 27. Rc1 Nd5 28. Bd2 Qa7 29. Qc5 Qxc5 30. Rxc5 Rb3 31. Bf1 Rxa3 32. e4 Ne7 33. Rc7 Bf6 34. Bb4 Ra4 35. Bxe7 Bxd4 36. Rc4 Ra7 37. Rxd4 Rxe7 38. g3 e5 39. Rd5 f6 40. Bc4 Kg7 41. Rd8 Kh6 42. Rf8 Rc7 43. Bd5 Kg7 44. Rg8+ Kh6 45. Kg2 Rc5 46. g4 Kg5 47. Kg3 Rc3+ 48. f3 Rd3 49. Rg7 Kh6 50. Rf7 Rd1 51. Rxf6 Kg5 52. Rf7 Rg1+ 53. Kf2 Rc1 54. Rxh7 Kf4 55. Rf7+ Kg5 56. Ke3 Rh1 57. Re7 Kf6 58. Re6+ Kg7 59. g5 Rxh2 60. Rxe5 Rh5 1-0

[Event "Sherbrooke Perpetuelles 36-40"]
[Site "Sherbrooke"]
[Date "2004.02.27"]
[Round "1"]
[White "Viens, Nicolas"]
[Black "Benoit, Andre"]
[Result "0-1"]
[WhiteElo "1368"]
[BlackElo "1320"]
[PlyCount "50"]
[EventDate "2004.02.??"]
[EventType "swiss"]
[EventRounds "5"]
[EventCountry "CAN"]
[SourceTitle "EXT 2005"]
[Source "ChessBase"]
[SourceDate "2004.11.15"]
[SourceVersion "1"]
[SourceVersionDate "2004.11.15"]
[SourceQuality "1"]

1. Nf3 d5 2. d4 Bf5 3. e3 Nf6 4. Nc3 e6 5. Bd2 c5 6. Bb5+ Nbd7 7. dxc5 Bxc5 8. Qe2 0-0 9. 0-0-0 Rc8 10. Bxd7 Nxd7 11. Nh4 Qxh4 12. g3 Qb4 13. a3 Qa5 14. Nxd5 Bxe3 15. Ne7+ Kh8 16. Nxc8 Rxc8 17. Bxe3 Rxc2+ 18. Qxc2 Bxc2 19. Rxd7 Be4 20. b4 Qxa3+ 21. Kd2 Qxb4+ 22. Kc1 Qc4+ 23. Kd2 Qb4+ 24. Kc1 h6 25. Rhd1 Qc3# 0-1

[Event "Sherbrooke Perpetuelles 31-35"]
[Site "Sherbrooke"]
[Date "2004.02.13"]
[Round "4"]
[White "Viens, Nicolas"]
[Black "Belanger, Jean Sebastien"]
[Result "1-0"]
[WhiteElo "1401"]
[BlackElo "1437"]
[PlyCount "63"]
[EventDate "2004.01.??"]
[EventType "swiss"]
[EventRounds "5"]
[EventCountry "CAN"]
[SourceTitle "EXT 2005"]
[Source "ChessBase"]
[SourceDate "2004.11.15"]
[SourceVersion "1"]
[SourceVersionDate "2004.11.15"]
[SourceQuality "1"]

1. Nf3 d5 2. d4 Bg4 3. Ne5 Bh5 4. Nc3 e6 5. Nd3 Nc6 6. Be3 g6 7. Qd2 h6 8. f3 g5 9. 0-0-0 a6 10. g4 Bg6 11. f4 f6 12. fxg5 hxg5 13. Bg2 Nb4 14. a3 Nxd3+ 15. exd3 Bd6 16. Rde1 c6 17. Bxg5 fxg5 18. Rxe6+ Kd7 19. Qe2 Ne7 20. Re1 Re8 21. Na4 Bf7 22. Rf6 Rf8 23. c4 b5 24. Nc5+ Bxc5 25. dxc5 Ke8 26. Rd6 Qc7 27. Rxc6 Qd7 28. cxd5 Ra7 29. d6 Kd8 30. dxe7+ Qxe7 31. Rd6+ Ke8 32. Bc6+ 1-0

[Event "Sherbrooke Perpetuelles 31-10"]
[Site "Sherbrooke"]
[Date "2003.11.14"]
[Round "3"]
[White "Viens, Nicolas"]
[Black "Belanger, Jean Sebastien"]
[Result "1-0"]
[WhiteElo "1281"]
[BlackElo "1425"]
[PlyCount "91"]
[EventDate "2003.10.31"]
[EventType "swiss"]
[EventRounds "5"]
[EventCountry "CAN"]
[SourceTitle "EXT 2008"]
[Source "ChessBase"]
[SourceDate "2007.11.25"]
[SourceVersion "1"]
[SourceVersionDate "2007.11.25"]
[SourceQuality "1"]

1. d4 f5 2. c4 Nf6 3. Nc3 e6 4. e3 Bb4 5. Bd2 0-0 6. Nf3 b6 7. Qb3 Bxc3 8. Bxc3 Ne4 9. Bd3 Bb7 10. d5 Nxc3 11. bxc3 c5 12. Rd1 Qf6 13. 0-0 e5 14. e4 f4 15. g3 d6 16. Nh4 f3 17. h3 Bc8 18. Kh2 g5 19. Nf5 Bxf5 20. exf5 g4 21. h4 Nd7 22. Qb5 Qe7 23. Rh1 Nf6 24. Qb1 e4 25. Rde1 Rae8 26. Re3 Qe5 27. Qc2 Re7 28. Bxe4 Nxe4 29. Rhe1 Qxf5 30. Rxe4 Rfe8 31. Rxe7 Qxc2 32. Rxe8+ Kf7 33. Kg1 Qxc3 34. R8e7+ Kg6 35. R1e6+ Qf6 36. Rxf6+ Kxf6 37. Re6+ Kf5 38. Kf1 a6 39. Rxd6 b5 40. cxb5 axb5 41. Ke1 Ke5 42. Rd8 b4 43. Kd2 c4 44. d6 b3 45. axb3 cxb3 46. Kc3 1-0

[Event "Sherbrooke Perpetuelles 11-15"]
[Site "Sherbrooke"]
[Date "2003.08.29"]
[Round "2"]
[White "Viens, Nicolas"]
[Black "Jolin, Fernand"]
[Result "1-0"]
[WhiteElo "1239"]
[BlackElo "1380"]
[PlyCount "45"]
[EventDate "2003.08.??"]
[EventType "swiss"]
[EventRounds "5"]
[EventCountry "CAN"]
[SourceTitle "EXT 2006"]
[Source "ChessBase"]
[SourceDate "2005.11.24"]
[SourceVersion "1"]
[SourceVersionDate "2005.11.24"]
[SourceQuality "1"]

1. c4 Nf6 2. Nc3 g6 3. d4 Bg7 4. e3 0-0 5. Nf3 c6 6. Be2 d5 7. 0-0 dxc4 8. Bxc4 e6 9. e4 b5 10. Bb3 a5 11. Bg5 Qd7 12. e5 Nd5 13. Qd2 Ba6 14. Ne4 a4 15. Nf6+ Nxf6 16. exf6 axb3 17. fxg7 Re8 18. Bf6 Qd5 19. axb3 Nd7 20. Bh4 Kxg7 21. Qf4 Qxb3 22. Ne5 Nxe5 23. Bf6+ 1-0

[Event "Sherbrooke Perpetuelles 06-10"]
[Site "Sherbrooke"]
[Date "2003.07.18"]
[Round "1"]
[White "Viens, Nicolas"]
[Black "Jolin, Fernand"]
[Result "1-0"]
[WhiteElo "1239"]
[BlackElo "1380"]
[PlyCount "81"]
[EventDate "2003.07.??"]
[EventType "swiss"]
[EventRounds "5"]
[EventCountry "CAN"]
[SourceTitle "EXT 2006"]
[Source "ChessBase"]
[SourceDate "2005.11.24"]
[SourceVersion "1"]
[SourceVersionDate "2005.11.24"]
[SourceQuality "1"]

1. e4 e5 2. Nf3 d6 3. Nc3 Nf6 4. b3 Nc6 5. Bb5 Bd7 6. d3 a6 7. Bxc6 Bxc6 8. Bb2 Be7 9. Qe2 0-0 10. 0-0-0 Nd7 11. h4 a5 12. h5 Bg5+ 13. Kb1 h6 14. d4 Nb6 15. dxe5 d5 16. Nd4 Qe8 17. exd5 Nxd5 18. Nxc6 Nxc3+ 19. Bxc3 Qxc6 20. Qf3 Qxf3 21. gxf3 a4 22. Rd4 axb3 23. cxb3 Be7 24. a4 Bc5 25. Rd7 Rac8 26. Rg1 Bxf2 27. Rg2 Be3 28. e6 g5 29. hxg6 f6 30. e7 Rfe8 31. Bxf6 Bg5 32. Bxg5 hxg5 33. Rxg5 Kg7 34. f4 Kf6 35. g7 Kf7 36. g8Q+ Rxg8 37. Rxg8 Rxg8 38. Rxc7 Rb8 39. Kc2 Ke6 40. Kc3 Kd6 41. Rxb7 1-0